The trend towards fairness and common sense in construing rent review clauses (Record no. 30087)
[ view plain ]
| 000 -LEADER | |
|---|---|
| fixed length control field | 01286cab a2200229 4500 |
| 001 - CONTROL NUMBER | |
| control field | ABS44551 |
| 008 - FIXED-LENGTH DATA ELEMENTS--GENERAL INFORMATION | |
| fixed length control field | 090401t1991 xxu||||| |||| 00| 0 eng d |
| 035 ## - SYSTEM CONTROL NUMBER | |
| System control number | (Sirsi) u47761 |
| 041 ## - LANGUAGE CODE | |
| Language code of text/sound track or separate title | eng |
| 100 ## - MAIN ENTRY--PERSONAL NAME | |
| Personal name | Dowding, N. |
| 245 #4 - TITLE STATEMENT | |
| Title | The trend towards fairness and common sense in construing rent review clauses |
| 260 ## - PUBLICATION, DISTRIBUTION, ETC. | |
| Date of publication, distribution, etc. | 1991 |
| 350 ## - PRICE (NR) (BK AM CF MU VM SE) [OBSOLETE] | |
| Price | 0 |
| 490 ## - SERIES STATEMENT | |
| Series statement | Rent Review & Lease Renewal |
| Volume/sequential designation | 11(3) Spring 1991, 227-235(9) |
| 520 ## - SUMMARY, ETC. | |
| Summary, etc. | Rent review clauses are subject to ambiguity and thus interpretation. In several cases of late, there has been new emphasis on fairness and common sense in construing these clauses. Nicholas Dowding analyses the trend to see if there is a shift in legal principle. He concludes there is not. Precision in language is still the goal in drafting rent review clauses, and "the meaning of what parties said, not what the parties meant to say" remains unchallenged as the guideline for interpretation . What the cases discussed illustrate, is a recognition and acceptance of the business principle of common sense in a far wider range of instances than hitherto. |
| 650 ## - SUBJECT ADDED ENTRY--TOPICAL TERM | |
| Topical term or geographic name entry element | CONSTRUCTION OF CLAUSE |
| 650 ## - SUBJECT ADDED ENTRY--TOPICAL TERM | |
| Topical term or geographic name entry element | HYPOTHETICAL TERM |
| 650 ## - SUBJECT ADDED ENTRY--TOPICAL TERM | |
| Topical term or geographic name entry element | RENT REVIEWS |
| 690 ## - LOCAL SUBJECT ADDED ENTRY--TOPICAL TERM (OCLC, RLIN) | |
| Topical term or geographic name as entry element | LANDLORD AND TENANT-RENT REVIEWS |
| 942 ## - ADDED ENTRY ELEMENTS (KOHA) | |
| Suppress in OPAC | 0 |
| 948 ## - LOCAL PROCESSING INFORMATION (OCLC); SERIES PART DESIGNATOR (RLIN) | |
| c (OCLC) | 04/03/1997 |
| Withdrawn status | Lost status | Source of classification or shelving scheme | Damaged status | Not for loan | Home library | Current library | Shelving location | Date acquired | Total Checkouts | Full call number | Barcode | Date last seen | Copy number | Price effective from | Koha item type |
|---|---|---|---|---|---|---|---|---|---|---|---|---|---|---|---|
| Dewey Decimal Classification | London | London | Journal article | 14/09/1999 | ABS44551 | 47761-1001 | 06/08/2019 | 1 | 06/08/2019 | Journal article |